Normal view MARC view
  • Romo López, Alejandra

Entry Nombre Personal

Number of records used in: 11

001 - NUMERO DE CONTROL

  • campo de control: 33382

003 - IDENTIFICADOR DE NUMERO DE CONTROL

  • campo de control: UPN

005 - FECHA Y HORA DE LA ÜLTIMA TRANSACCIÓN

  • campo de control: 20220824121253.0

008 - DATOS DE LONGITUD FIJA

  • campo de control de longitud fija: 220824n||acannaabn a aaa |d

035 ## - NUMERO DE CONTROL

  • Número de control: UPN11000005489

040 ## - FUENTE DE CATALOGACIÓN

  • Agencia original de catalogación: UPN
  • Lenguaje de catalogación: spa
  • Agencia de transcripción: UPN

100 1# - ENCABEZAMIENTO - NOMBRE PERSONAL

  • Nombre personal: Romo López, Alejandra

400 1# - VEÁSE - NOMBRE DE PERSONA

  • Personal name: Romo López, Alejandra M.

670 ## - FUENTE EN LA QUE SE LOCALIZARON DATOS

  • Cita de la fuente: La tutoría : una estrategia innovadora en el marco de los programas de atención a estudiantes, 2011:
  • Información localizada: portada (Alejandra Romo López)

670 ## - FUENTE EN LA QUE SE LOCALIZARON DATOS

  • Cita de la fuente: Los programas institucionales de tutoría : actores, procesos y contextos, 2014:
  • Información localizada: portada (Alejandra M. Romo López)

902 ## - CATALOGADOR

  • Catalogador: MMA/110413